Most Popular World Religions - Statistics

General Stats
  • This quiz has been taken 1,276 times
    1,126 since last reset
  • The average score is 7 of 10
Answer Stats
Approximate # of Adherents (Millions of People) Origin Answer % Correct
1500 Arabian Peninsula Islam
99%
2100 Israel (Palestine) Christianity
95%
900 India Hinduism
91%
400 India Buddhism
90%
19 Israel (Palestine) Judaism
83%
100 Japan Shinto
66%
300 China Chinese Folk Religions
65%
23 India Sikhism
58%
15 India Jainism
42%
376 Worldwide Folk Religions
5%
No matching quizzes found
Score Distribution
Percent of People with Each Score
Percentile by Number Answered
Your Score History
You have not taken this quiz since the last reset